|
|
|
|
| LEADER |
00000nam0a2200000 4500 |
| 001 |
275309 |
| 005 |
20231031230628.0 |
| 020 |
|
|
|a RU
|b 85-84786
|
| 035 |
|
|
|a (RuTPU)RU\TPU\book\298550
|
| 090 |
|
|
|a 275309
|
| 100 |
|
|
|a 20141113d1985 m y0rusy5003 ca
|
| 101 |
0 |
|
|a rus
|
| 102 |
|
|
|a RU
|
| 105 |
|
|
|a y z 000zy
|
| 200 |
1 |
|
|a Быль о чистой воде: опыт Верх-Исетского металлургического завода по охране природы
|f В. С. Ожиганов, Г. Б. Иванцов
|
| 210 |
|
|
|a Свердловск
|c Изд-во Сред.-Урал. кн. изд-во
|d 1985
|
| 215 |
|
|
|a 160 с.
|c схем.
|
| 225 |
1 |
|
|a Союз науки и труда
|
| 606 |
1 |
|
|a Черная металлургическая промышленность
|2 stltpush
|3 (RuTPU)RU\TPU\subj\18631
|
| 610 |
1 |
|
|a сточные воды
|
| 610 |
1 |
|
|a водное хозяйство
|
| 610 |
1 |
|
|a промышленные воды
|
| 610 |
1 |
|
|a очистка
|
| 610 |
1 |
|
|a окружающая среда
|
| 610 |
1 |
|
|a охрана
|
| 675 |
|
|
|a 669.1.013:628
|z rus
|v 3
|
| 700 |
|
1 |
|a Ожиганов
|b В. С.
|g Владимир Сергеевич
|4 070
|
| 701 |
|
1 |
|a Иванцов
|b Г. Б.
|g Герман Борисович
|4 070
|
| 801 |
|
0 |
|a RU
|b RuMRKP
|c 19950704
|g psbo
|
| 801 |
|
1 |
|a RU
|b 63413507
|c 20141113
|
| 801 |
|
2 |
|a RU
|b 63413507
|c 20170125
|g RCR
|
| 942 |
|
|
|c BK
|